Visual Basic.Net : How to prgram
| Main Author: | |
|---|---|
| Format: | Book |
| Published: |
New Jersey :
Prentice Hall, Inc ,
2002
|
| Edition: | 2nd ed. |
| Subjects: |
MARC
| LEADER | 00000cam a2200000 7i4500 | ||
|---|---|---|---|
| 001 | 0000002392 | ||
| 005 | 20051022.0 | ||
| 020 | |a 0130293636 | ||
| 040 | |a INS | ||
| 090 | 0 | 0 | |a QA76.73 B3 |b D46 2002 |
| 100 | 1 | |a Deital, H.M | |
| 245 | 1 | 4 | |a Visual Basic.Net : |b How to prgram |c H.M Deital |
| 250 | |a 2nd ed. | ||
| 260 | |a New Jersey : |b Prentice Hall, Inc , |c 2002 | ||
| 300 | |a lv : |b 1517p. : |b 23cm | ||
| 650 | 0 | 0 | |a BASIC (computer program language) |
| 650 | 0 | 0 | |a Microsoft visual basic |
| 999 | |a 0000016016 |b BOOK |c Open Shelf |e Default branch | ||